| 000 | 00787nam a22002297a 4500 | ||
|---|---|---|---|
| 999 |
_c531 _d531 |
||
| 001 | 001430 | ||
| 003 | CoMeUDC001430 | ||
| 005 | 20190110174109.0 | ||
| 008 | 050126s2006 ck gr 00010 spa d | ||
| 015 | _ack-2006-xxxx | ||
| 040 |
_aCO-BoBLA _bspa _cCoMeUDC |
||
| 043 | _as-ck--- | ||
| 082 | 0 | 4 |
_a343.04 _bM385 _220 |
| 100 |
_aMartínez Herrera, Gerardo. _9954 |
||
| 245 | 1 | 0 |
_aCompendio de derecho tributario : _buna introducción a su estudio bajo la legislación colombiana / _cGerardo Martínez Herrera. |
| 260 | 3 |
_aMedellín : _bCentro de Servicios de Investigaciones y Servicios Empresariales, _c2006. |
|
| 300 |
_a594 p. ; _c24 cm. |
||
| 650 |
_aDerecho fiscal _z Colombia. |
||
| 650 |
_aImpuestos _x Legislación _z Colombia. |
||
| 942 |
_2ddc _cBK |
||
| 949 |
_ac _bc |
||